[Event "Karl Mala Memorial op-A 16th"]
[Site "Frankfurt"]
[Date "2013.07.14"]
[Round "6"]
[White "Iffland, Sascha"]
[Black "Holst, Daniel"]
[Result "1/2-1/2"]
[WhiteElo "1773"]
[BlackElo "1622"]
[PlyCount "29"]
[EventDate "2013.07.11"]
[EventType "swiss"]
[EventRounds "7"]
[EventCountry "GER"]
[SourceTitle "EXT 2014"]
[Source "ChessBase"]
[SourceDate "2013.11.20"]
[SourceVersion "1"]
[SourceVersionDate "2013.11.20"]
[SourceQuality "1"]

1. e4 e6 2. d3 d5 3. Nd2 d4 4. e5 c5 5. Ngf3 Nc6 6. g3 f6 7. exf6 Nxf6 8. Bg2 Bd6 9. 0-0 0-0 10. Nc4 Bc7 11. Qe2 Rb8 12. Bd2 b5 13. Nce5 Nxe5 14. Nxe5 Rb6 15. Ba5 1/2-1/2

[Event "Karl Mala Memorial op-A 16th"]
[Site "Frankfurt"]
[Date "2013.07.13"]
[Round "5"]
[White "Holst, Daniel"]
[Black "Zimmer, Gerald"]
[Result "0-1"]
[WhiteElo "1622"]
[BlackElo "1990"]
[PlyCount "62"]
[EventDate "2013.07.11"]
[EventType "swiss"]
[EventRounds "7"]
[EventCountry "GER"]
[SourceTitle "EXT 2014"]
[Source "ChessBase"]
[SourceDate "2013.11.20"]
[SourceVersion "1"]
[SourceVersionDate "2013.11.20"]
[SourceQuality "1"]

1. e4 e6 2. d4 d5 3. exd5 exd5 4. Bd3 Nc6 5. Ne2 Bg4 6. f3 Bh5 7. Bf4 Bd6 8. Bxd6 Qxd6 9. Nbc3 Nge7 10. Qd2 Bg6 11. 0-0-0 0-0-0 12. Qf4 Rhe8 13. g4 Bxd3 14. Rxd3 Nb4 15. Re3 Qg6 16. Rd3 Nxd3+ 17. cxd3 Qxd3 18. Qxf7 Qg6 19. Qf4 Rf8 20. Qe3 Nc6 21. Nf4 Rfe8 22. Qf2 Qh6 23. Nce2 Rxe2 24. Qxe2 Qxf4+ 25. Kb1 Nxd4 26. Qe7 Qxf3 27. Rc1 Qd3+ 28. Ka1 Nc2+ 29. Kb1 Na3+ 30. Ka1 Qb1+ 31. Rxb1 Nc2# 0-1

[Event "Karl Mala Memorial op-A 16th"]
[Site "Frankfurt"]
[Date "2013.07.12"]
[Round "2"]
[White "Hebbering, Tom Elliot"]
[Black "Holst, Daniel"]
[Result "1-0"]
[WhiteElo "2002"]
[BlackElo "1622"]
[PlyCount "35"]
[EventDate "2013.07.11"]
[EventType "swiss"]
[EventRounds "7"]
[EventCountry "GER"]
[SourceTitle "EXT 2014"]
[Source "ChessBase"]
[SourceDate "2013.11.20"]
[SourceVersion "1"]
[SourceVersionDate "2013.11.20"]
[SourceQuality "1"]

1. d4 Nf6 2. c4 g6 3. Nf3 Bg7 4. Nc3 0-0 5. e4 d6 6. h3 c5 7. d5 e6 8. Bd3 exd5 9. cxd5 Re8 10. 0-0 c4 11. Bc2 Na6 12. Re1 Bd7 13. a4 Qb8 14. Bf4 Nb4 15. Bb1 Qc7 16. Qd2 Rab8 17. Nb5 Bxb5 18. Qxb4 1-0